| 000 | 00585nam a2200157Ia 4500 | ||
|---|---|---|---|
| 003 | IN-BaIIA | ||
| 008 | 211028s9999 xx 000 0 eng d | ||
| 040 | _cIIA Library | ||
| 080 |
_a083.7:621.643.23 _bISI |
||
| 110 | _aIndian Standards Institution | ||
| 245 | 0 |
_aIndian standard specification for mild steel tubes, tubulars and other wrought steel fittings _bpt. 2, mild steel tubulars and other wrought steel pipe fitting _cIndian Standards Institution |
|
| 260 |
_aNew Delhi _bIndian Standards Institution _c1970 |
||
| 300 | _a38p. | ||
| 500 | _aIS 1239 : Part 2 : 1969 | ||
| 942 | _cBK | ||
| 999 |
_c5348 _d5348 |
||